ARRUPE JESUIT UNIVERSITY

CORONAVIRUS -STOP THE SPREAD - CLEAN,DISINFECT,COVER

The military philosophers. (Record no. 118540)

MARC details
000 -LEADER
fixed length control field 00802cam a2200265 4500
001 - CONTROL NUMBER
control field 1707398
003 - CONTROL NUMBER IDENTIFIER
control field ARRUPE
005 - DATE AND TIME OF LATEST TRANSACTION
control field 20131106130908.0
008 - FIXED-LENGTH DATA ELEMENTS--GENERAL INFORMATION
fixed length control field 690408t19691968mau 000 0 eng
010 ## - LIBRARY OF CONGRESS CONTROL NUMBER
LC control number 69012629
040 ## - CATALOGING SOURCE
Original cataloging agency DLC
Transcribing agency DLC
Modifying agency DLC
050 00 - LIBRARY OF CONGRESS CALL NUMBER
Classification number PZ3.P867
Item number Mi3
Classification number PR6031.O74
082 00 - DEWEY DECIMAL CLASSIFICATION NUMBER
Classification number 823/.9/12
300 ## - PHYSICAL DESCRIPTION
Dimensions 21 cm.
100 1# - MAIN ENTRY--PERSONAL NAME
Personal name Powell, Anthony,
Dates associated with a name 1905-2000.
9 (RLIN) 3367
245 14 - TITLE STATEMENT
Title The military philosophers.
250 ## - EDITION STATEMENT
Edition statement [1st American ed.]
260 ## - PUBLICATION, DISTRIBUTION, ETC. (IMPRINT)
Place of publication, distribution, etc Boston,
Name of publisher, distributor, etc Little, Brown
Date of publication, distribution, etc [1969, c1968]
300 ## - PHYSICAL DESCRIPTION
Extent 243 p.
350 ## - PRICE (NR) (BK AM CF MU VM SE) [OBSOLETE]
Price 4.95
490 0# - SERIES STATEMENT
Series statement [His The music of time]
651 #0 - SUBJECT ADDED ENTRY--GEOGRAPHIC NAME
Geographic name England
General subdivision Social life and customs
Chronological subdivision 20th century
General subdivision Fiction.
9 (RLIN) 3368
655 #7 - INDEX TERM--GENRE/FORM
Genre/form data or focus term Autobiographical fiction.
Source of term gsafd
9 (RLIN) 3369
906 ## - LOCAL DATA ELEMENT F, LDF (RLIN)
a 7
b cbc
c orignew
d u
e ncip
f 19
g y-gencatlg
942 ## - ADDED ENTRY ELEMENTS (KOHA)
Source of classification or shelving scheme Library of Congress Classification
Koha item type Monograph ( Printed materials)
Holdings
Withdrawn status Lost status Source of classification or shelving scheme Damaged status Not for loan Home library Current library Date acquired Total Checkouts Full call number Barcode Date last seen Price effective from Koha item type
    Library of Congress Classification     ARRUPE LIBRARY ARRUPE LIBRARY 06/11/2013   PR6031.O74M5 1971 46411201 06/11/2013 06/11/2013 Monograph ( Printed materials)

 

Arrupe Library. PO Box MP320 Mt Pleasant, Harare, Zimbabwe
263 242 745411|librarian@aju.ac.zw